000 00485nam a2200205Ia 4500
008 210210b1988 xxu||||| |||| 00| 0 eng d
020 _a9780671652500
041 _aeng
082 _a082 WATL
100 _aWATSON (Lillian Eichler)Ed
245 _aLight from many lamps
260 _aNew York
_bA Fireside Book,
_c1988
300 _axxii--324
650 _amany
650 _aLight
650 _alamps
650 _afrom
690 _aGeneral Collections
906 _a063306
999 _c135748
_d135748